愛知県の戦前市制・町制 - Statistics

General Stats
  • This quiz has been taken 138 times
  • The average score is 64 of 110
Answer Stats
施行日 施行内容 所属郡 回答 % Correct
1889.10.01 市制 (市) 名古屋市
97%
1891.10.16 町制 宝飯郡 蒲郡町
93%
1892.10.03 町制 渥美郡 田原町
93%
1906.08.01 市制 (市) 豊橋市
93%
1889.10.01 町制 東春日井郡 小牧町
92%
1889.10.01 町制 丹羽郡 犬山町
92%
1906.05.01 町制 碧海郡 安城町
92%
1916.07.01 市制 (市) 岡崎市
92%
1921.09.01 市制 (市) 一宮市
92%
1889.10.01 町制 幡豆郡 西尾町
90%
1889.10.01 町制 額田郡 岡崎町
90%
1943.06.01 市制 (市) 春日井市
90%
1889.10.01 町制 中島郡 一宮町
88%
1889.10.01 町制 南設楽郡 新城町
88%
1889.10.01 町制 知多郡 半田町
86%
1892.01.29 町制 東春日井郡 瀬戸町
86%
1892.01.29 町制 西加茂郡 挙母町
86%
1893.03.13 町制 宝飯郡 豊川町
86%
1903.08.26 町制 海西郡 弥富町
86%
1929.10.01 市制 (市) 瀬戸市
86%
1937.10.01 市制 (市) 半田市
86%
1890.12.17 町制 知多郡 常滑町
85%
1889.10.01 町制 西春日井郡 清洲町
83%
1889.10.01 町制 渥美郡 豊橋町
83%
1889.10.01 町制 碧海郡 知立町
81%
1906.07.16 町制 東春日井郡 守山町
81%
1889.10.01 町制 海東郡 蟹江町
80%
1889.10.01 町制 海東郡 津島町
80%
1889.10.01 町制 碧海郡 刈谷町
80%
1891.02.17 町制 知多郡 武豊町
80%
1926.09.12 町制 宝飯郡 小坂井町
78%
1943.06.01 市制 (市) 豊川市
78%
1889.10.01 町制 中島郡 稲沢町
76%
1890.12.17 町制 東加茂郡 足助町
76%
1900.07.09 町制 碧海郡 高浜町
76%
1915.11.01 町制 知多郡 大府町
76%
1928.10.01 町制 幡豆郡 幡豆町
76%
1892.04.18 町制 丹羽郡 岩倉町
75%
1892.05.13 町制 幡豆郡 一色町
75%
1930.02.11 町制 宝飯郡 御津町
75%
1932.08.01 町制 海部郡 甚目寺町
75%
1889.10.01 町制 愛知郡 鳴海町
73%
1893.11.08 町制 知多郡 内海町
73%
1889.10.01 町制 西春日井郡 西枇杷島町
69%
1890.12.17 町制 西春日井郡 新川町
69%
1892.08.03 町制 碧海郡 新川町
69%
1893.03.28 町制 東春日井郡 勝川町
68%
1889.10.01 町制 西春日井郡 枇杷島町
66%
1889.10.01 町制 知多郡 横須賀町
66%
1892.05.13 町制 幡豆郡 横須賀町
66%
1889.10.01 町制 愛知郡 熱田町
64%
1894.09.08 町制 知多郡 師崎町
64%
1896.02.24 町制 中島郡 起町
64%
1892.01.29 町制 宝飯郡 御油町
63%
1930.01.01 町制 東春日井郡 高蔵寺町
61%
1894.09.08 町制 知多郡 大高町
58%
1903.05.06 町制 知多郡 河和町
58%
1894.11.26 町制 丹羽郡 布袋町
56%
1893.03.13 町制 宝飯郡 国府町
54%
1896.08.17 町制 中島郡 祖父江町
54%
1894.12.10 町制 宝飯郡 三谷町
51%
1896.11.02 町制 丹羽郡 古知野町
51%
1889.10.01 町制 知多郡 亀崎町
49%
1889.10.01 町制 知多郡 大野町
49%
1892.04.18 町制 八名郡 大野町
49%
1892.09.13 町制 知多郡 有松町
49%
1894.06.23 町制 宝飯郡 赤坂町
49%
1900.11.14 町制 北設楽郡 田口町
49%
1924.01.01 町制 幡豆郡 吉田町
49%
1924.04.01 町制 宝飯郡 形原町
49%
1940.05.10 町制 北設楽郡 稲武町
49%
1893.11.08 町制 幡豆郡 平坂町
47%
1894.04.28 町制 南設楽郡 海老町
47%
1894.09.13 町制 中島郡 奥町
47%
1897.07.12 町制 愛知郡 呼続町
46%
1894.02.19 町制 碧海郡 矢作町
42%
1939.11.03 町制 海部郡 佐織町
42%
1889.10.01 町制 碧海郡 大浜町
41%
1890.12.17 町制 知多郡 成岩町
41%
1911.12.10 町制 知多郡 西浦町
41%
1944.02.11 町制 宝飯郡 西浦町
41%
1902.02.12 町制 愛知郡 千種町
37%
1904.12.20 町制 愛知郡 愛知町
37%
1924.01.01 町制 東春日井郡 品野町
37%
1894.12.24 町制 葉栗郡 黒田町
36%
1900.09.28 町制 西春日井郡 桃栄町
36%
1940.05.10 町制 中島郡 今伊勢町
36%
1891.10.16 町制 宝飯郡 牛久保町
34%
1917.08.01 町制 愛知郡 下之一色町
34%
1905.02.01 町制 知多郡 豊浜町
32%
1921.10.01 町制 北設楽郡 本郷町
32%
1922.04.01 町制 知多郡 八幡町
31%
1929.04.01 町制 幡豆郡 寺津町
31%
1942.07.01 町制 知多郡 野間町
31%
1940.02.11 町制 知多郡 上野町
29%
1893.11.08 町制 額田郡 福岡町
27%
1924.01.01 町制 碧海郡 棚尾町
27%
1889.10.01 町制 西春日井郡 清水町
25%
1891.10.16 町制 宝飯郡 下地町
25%
1897.02.22 町制 渥美郡 福江町
25%
1928.05.01 町制 海部郡 岩津町
25%
1893.06.23 町制 渥美郡 大川町
24%
1896.04.20 町制 中島郡 萩原町
20%
1903.05.06 町制 知多郡 岡田町
20%
1924.12.15 町制 葉栗郡 宮田町
20%
1900.07.09 町制 葉栗郡 浅井町
19%
1928.11.01 町制 東春日井郡 坂下町
19%
1944.02.11 町制 海部郡 富田町
19%
1895.05.13 町制 額田郡 広幡町
15%
1926.04.01 町制 西春日井郡 庄内町
12%
No matching quizzes found
Score Distribution
Percent of People with Each Score
Percentile by Number Answered
Your Score History
You have not taken this quiz